000 00680nam a2200217 i 4500
001 bg
245 0 0 _aInformatyka :
_bterminologia znormalizowana i wykaz norm ;
_cPolski Komitet Normalizacyjny.
260 _aWarszawa :
_bPolski Komitet Normalizacyjny,
_c2006.
300 _a506 s. ;
_c30 cm +
_eCD ROM.
504 _aIndeksy terminów pol. i ang.
650 9 _aInformatyka
_xterminologia
_xnormalizacja
700 1 _aWAĆKOWSKI, Kazimierz
710 0 _aPolski Komitet Normalizacyjny
020 _a8324389563
040 _cBPK
041 0 _apol
_beng
080 _a004(038)=162.1=111
920 _a83-243-8956-3
942 _cKA
008 s pl f |000 0 pol
999 _c35184
_d35184
856 _uhttp://koha.tu.koszalin.pl/cgi-bin/koha/opac-detail.pl?biblionumber=35184
_yKatalog online BPK